| 000 | 00818nam a22002657a 4500 | ||
|---|---|---|---|
| 003 | OSt | ||
| 005 | 20151022113002.0 | ||
| 008 | 130523s2013 sp ||||| |||| 00| 0 spa d | ||
| 020 | _a9788499923062 | ||
| 040 | _cCDMR | ||
| 110 | 2 |
_93490 _aMongolia (Revista) |
|
| 245 | 1 | 0 |
_aPapel mojado _b: [la crisis de la prensa y el fracaso de los periódicos en España] _cReality News, Mongolia |
| 250 | _a1a ed. | ||
| 260 |
_aBarcelona _bDebate _c2013 |
||
| 300 | _a118 p. | ||
| 490 | 0 | _aDebate Actualidad | |
| 610 | 2 |
_93494 _aPúblico (Diari) |
|
| 610 | 2 |
_91150 _aLa Vanguardia (Diari) |
|
| 610 | 2 |
_93493 _aEl Mundo (Diari) |
|
| 650 | 0 | 4 |
_94120 _aEmpreses periodístiques _zEspanya |
| 650 | 0 | 4 |
_93492 _aRelacions laborals |
| 610 | 2 |
_93256 _aDiario El País, S.L. |
|
| 700 | 1 |
_93491 _aRusiñol Pere _d1972- |
|
| 942 |
_2udc _cMON |
||
| 999 |
_c6300 _d6300 |
||